00438nam a2200157Ia 4500003000400000005001700004008004000021040000700061041001200068082001700080100001600097245002100113260003100134300001300165650010200178OSt20250708112550.0210210b1990 xxu||||| |||| 00| 0 eng d cAL aEnglish a581.028 AGAP aAgarwal S B aPractical botany aAgrabSahitya Bhavanc1990 aix,432p. aPractical Botany, Algae, Fungi, Linchens, Bacteria, Viruses, Bryophyta, Pteridophyta, Gymnosperms